01165 2200325 4500001002100000005001500021035002000036007000300056008004100059020002200100040002200122082001600144084001800160090002200178100003100200245016300231250003500394300006300429650003400492700003500526700004100561850001200602504003200614264007500646336002100721337003000742338002300772999002200795990002200817INLIS00000000086152320221021012254 a0010-0621001058ta210505s2019 yoia g s ind d a978-623-91488-3-6 aYOPDYOGbinderda04223a307.336 a307.336 HAR m aCB-D.11 2019-35311 aHari Lelono, T.M.epenulis10aMengenal permukiman dan rumah Tengger berdasarkan sistem kepercayaan /cpenulis, T.M. Hari Lelono, Putri Novita Taniardi; penyunting, Irfanuddin Wahid Marzuki aCetakan pertama, November 2019 ax, 73 halaman :bilustrasi berwarna, foto, gambar ;c24 cm 4aPemukiman penduduk--zTengger0 aPutri Novita Taniardiepenulis0 aIrfanuddin Wahid Marzukiepenyunting aYOPDYOG aBibliografi : halaman 72-7331aYogyakarta :bBalai Arkelog Provinsi Daerah Istimewa Yogyakarta,c2019 2rdacontentateks 2rdamediaatanpa perantara 2rdacarrieravolume aCB-D.11/2019-3531 aCB-D.11/2019-3531